Normal view
MARC view
Entry Geographic Name
001 - CONTROL NUMBER
- control field: 21712
003 - CONTROL NUMBER IDENTIFIER
- control field: ARRUPE
005 - DATE AND TIME OF LATEST TRANSACTION
- control field: 20160122111705.0
008 - FIXED-LENGTH DATA ELEMENTS
- fixed length control field: 160122|| aca||aabn | a|a d
040 ## - CATALOGING SOURCE
- Original cataloging agency: ARRUPE
- Transcribing agency: ARRUPE
151 ## - HEADING--GEOGRAPHIC NAME
- Geographic name: Transvaal (South Africa)
- General subdivision: History
- Chronological subdivision: 1880-1910.
670 ## - SOURCE DATA FOUND
- Source citation: Work cat.: (ARRUPE)0: Fitzpatrick, Percy, Sir, 1862-1931. 21711, South African memories,, 1932